[Event "PlusCity Grand Prix Blitz"]
[Site "Pasching"]
[Date "2025.05.29"]
[Round "4"]
[White "Koelle, Tobias"]
[Black "Krastev, Alexander"]
[Result "1/2-1/2"]
[WhiteElo "2458"]
[BlackElo "2426"]
[PlyCount "149"]
[EventDate "2025.05.29"]
[EventType "swiss (blitz)"]
[EventRounds "13"]
[EventCountry "AUT"]
[SourceTitle "CB23_2025"]
[SourceDate "2025.06.04"]
[SourceVersion "1"]
[SourceVersionDate "2025.06.04"]
[SourceQuality "1"]

1. d4 e6 2. Bf4 d5 3. Nc3 a6 4. e4 Nf6 5. exd5 exd5 6. Bd3 Bd6 7. Bxd6 Qxd6 8. Qe2+ Be6 9. Nf3 0-0 10. 0-0 Re8 11. Qd2 Nc6 12. h3 Nb4 13. Rfe1 Nxd3 14. Qxd3 Nd7 15. Re3 f6 16. Rae1 Bf7 17. Nh4 g6 18. g3 Nb6 19. b3 Qd7 20. Kh2 Rxe3 21. Rxe3 Re8 22. Ng2 Nc8 23. Rxe8+ Qxe8 24. Ne3 c6 25. Ng4 Kg7 26. Qd2 g5 27. f4 h6 28. fxg5 hxg5 29. h4 Be6 30. Nf2 Qh5 31. Qe3 Kf7 32. Ne2 Nd6 33. Kg2 Nf5 34. Qf3 Qxf3+ 35. Kxf3 gxh4 36. gxh4 Nxh4+ 37. Ke3 Nf5+ 38. Kf3 Nd6 39. Nd3 Bf5 40. Ne1 Be4+ 41. Kf2 Kg6 42. a4 Kg5 43. a5 Nb5 44. c3 f5 45. Ke3 Nc7 46. Nf4 Kf6 47. Ned3 Bxd3 48. Nxd3 Nb5 49. Nc5 Nxc3 50. Nxb7 Nb5 51. Nc5 Nc7 52. Kf3 Ke7 53. b4 Ne6 54. Nxa6 Nxd4+ 55. Kf4 Kd6 56. Nc5 Kc7 57. Nd3 Kd6 58. a6 Kc7 59. Ke5 Nb5 60. Kxf5 Kb6 61. Nc5 Nc7 62. a7 Kxa7 63. Ke5 Na6 64. Na4 Nxb4 65. Kd6 Kb7 66. Nc5+ Kb6 67. Nd7+ Kb5 68. Nf6 d4 69. Ke5 d3 70. Ne4 c5 71. Nd2 c4 72. Kd4 Nc6+ 73. Kc3 Na5 74. Ne4 Nb3 75. Nd6+ 1/2-1/2

[Event "PlusCity Grand Prix Blitz"]
[Site "Pasching"]
[Date "2025.05.29"]
[Round "3"]
[White "Krastev, Alexander"]
[Black "Alekseenko, Kirill"]
[Result "1-0"]
[WhiteElo "2426"]
[BlackElo "2654"]
[PlyCount "59"]
[EventDate "2025.05.29"]
[EventType "swiss (blitz)"]
[EventRounds "13"]
[EventCountry "AUT"]
[SourceTitle "CB23_2025"]
[SourceDate "2025.06.04"]
[SourceVersion "1"]
[SourceVersionDate "2025.06.04"]
[SourceQuality "1"]

1. e4 e5 2. Nf3 Nc6 3. Bb5 a6 4. Ba4 d6 5. Bxc6+ bxc6 6. d4 f6 7. 0-0 Ne7 8. Qe2 Ng6 9. Qc4 Qd7 10. Rd1 Be7 11. h4 h5 12. Nc3 a5 13. dxe5 Nxe5 14. Nxe5 fxe5 15. Bg5 Ba6 16. Qa4 Bxg5 17. hxg5 0-0 18. Qxa5 Be2 19. Qxe5 Bxd1 20. Rxd1 Qg4 21. Qd4 Qxg5 22. Qc4+ Kh8 23. Qxc6 Rab8 24. b3 Rf6 25. Nd5 Rg6 26. Ne3 Rf8 27. Rd5 Qf4 28. Rxh5+ Kg8 29. Qd5+ Rf7 30. Rf5 1-0

[Event "GER-ch Candidates 96th"]
[Site "Munich"]
[Date "2025.05.20"]
[Round "5"]
[White "Garner, Isaac"]
[Black "Krastev, Alexander"]
[Result "0-1"]
[WhiteElo "2399"]
[BlackElo "2426"]
[PlyCount "124"]
[EventDate "2025.05.17"]
[EventType "swiss"]
[EventRounds "9"]
[EventCountry "GER"]
[SourceTitle "CB22_2025"]
[SourceDate "2025.05.28"]
[SourceVersion "1"]
[SourceVersionDate "2025.05.28"]
[SourceQuality "1"]

1. d4 e6 2. e4 d5 3. exd5 exd5 4. Nf3 Nc6 5. Bd3 Nb4 6. Bb5+ c6 7. Ba4 Bd6 8. c3 Na6 9. Bc2 Ne7 10. 0-0 Bg4 11. Re1 Qd7 12. Qd3 f6 13. a4 Nc7 14. b3 Kf7 15. c4 Ne6 16. Nc3 Bxf3 17. gxf3 Ng6 18. cxd5 Nef4 19. Qf5 Qxf5 20. Bxf5 Nh4 21. Be6+ Nxe6 22. dxe6+ Ke7 23. Re3 Rad8 24. Bb2 Nf5 25. Rd3 Kxe6 26. d5+ cxd5 27. Re1+ Kf7 28. Nxd5 Rhe8 29. Rxe8 Kxe8 30. Kg2 Bb8 31. Ba3 Kf7 32. h3 Rd7 33. Kf1 Ke6 34. Nb4 Rxd3 35. Nxd3 Kd5 36. Nb4+ Kd4 37. Bb2+ Kc5 38. Nd3+ Kd5 39. Nb4+ Ke6 40. Nd3 Bd6 41. Ke2 Kd5 42. Kd2 Nd4 43. Bxd4 Kxd4 44. Kc2 g5 45. Nc1 Bc5 46. Kd2 h5 47. Ne2+ Ke5 48. Nc1 Bb6 49. Ke2 Kd4 50. Kd2 Ba5+ 51. Kc2 h4 52. Ne2+ Kd5 53. Kd3 f5 54. Nd4 g4 55. fxg4 fxg4 56. hxg4 h3 57. Ne2 Bc7 58. f4 h2 59. Ng3 Bxf4 60. Nh1 a5 61. Nf2 Bg5 62. Nh1 Ke5 0-1

[Event "Basel Swiss YM"]
[Site "Basel"]
[Date "2025.04.24"]
[Round "7"]
[White "Krastev, Alexander"]
[Black "Collin, Moritz Valentin"]
[Result "1-0"]
[WhiteElo "2419"]
[BlackElo "2303"]
[PlyCount "113"]
[EventDate "2025.04.18"]
[EventType "tourn"]
[EventRounds "9"]
[EventCountry "SUI"]
[EventCategory "5"]
[SourceTitle "CB18_2025"]
[SourceDate "2025.04.30"]
[SourceVersion "1"]
[SourceVersionDate "2025.04.30"]
[SourceQuality "1"]

1. e4 c5 2. Nf3 e6 3. c3 d5 4. e5 d4 5. d3 Nc6 6. g3 Nge7 7. Bg2 Ng6 8. Qe2 Qc7 9. Na3 Ncxe5 10. Nxe5 Qxe5 11. Be4 Be7 12. h4 f5 13. Nc4 Qc7 14. Bg2 0-0 15. h5 Nh8 16. Bf4 Qd8 17. cxd4 cxd4 18. 0-0 Nf7 19. Rac1 Bf6 20. Ne5 Qa5 21. b4 Qxb4 22. Rc4 Qa5 23. Rfc1 Bxe5 24. Rc5 Bxf4 25. Rxa5 Bxc1 26. Qc2 Bg5 27. Qa4 Bf6 28. Rc5 a6 29. Qb3 h6 30. f4 Kh8 31. Rc7 Nd8 32. Qb6 Kg8 33. a4 a5 34. Qc5 Nf7 35. Qb5 Bd8 36. Rc2 Nd6 37. Qe5 Ra6 38. Rxc8 Nxc8 39. Bxb7 Bf6 40. Qc5 Be7 41. Qc4 Rd6 42. Bxc8 Kf7 43. Kg2 Kf6 44. Ba6 Rg8 45. Bb5 g5 46. hxg6 Rxg6 47. Qc7 Rd8 48. Bc4 Rdg8 49. Qe5+ Kf7 50. Qxf5+ Ke8 51. Qh5 Kf8 52. Kf2 Rxg3 53. Qxh6+ Ke8 54. Bxe6 R8g7 55. Qh5+ Kd8 56. Qxa5+ Ke8 57. Qb5+ 1-0

[Event "Basel Swiss YM"]
[Site "Basel"]
[Date "2025.04.20"]
[Round "3"]
[White "Krastev, Alexander"]
[Black "Fecker, Noah"]
[Result "1-0"]
[WhiteElo "2419"]
[BlackElo "2345"]
[PlyCount "41"]
[EventDate "2025.04.18"]
[EventType "tourn"]
[EventRounds "9"]
[EventCountry "SUI"]
[EventCategory "5"]
[SourceTitle "CB18_2025"]
[SourceDate "2025.04.30"]
[SourceVersion "1"]
[SourceVersionDate "2025.04.30"]
[SourceQuality "1"]

1. e4 c6 2. d4 d5 3. e5 c5 4. dxc5 e6 5. a3 Bxc5 6. Qg4 Ne7 7. Nf3 0-0 8. Nc3 Ng6 9. Bd3 Nd7 10. Bxg6 fxg6 11. Qxe6+ Kh8 12. Qxd5 Qe7 13. Ne4 Rf5 14. Bg5 Qe8 15. 0-0-0 Bf8 16. Nd6 Bxd6 17. Qxd6 h6 18. Bd2 Nxe5 19. Rhe1 Qd7 20. Bc3 Nxf3 21. Qxg6 1-0

[Event "Basel Swiss YM"]
[Site "Basel"]
[Date "2025.04.19"]
[Round "2"]
[White "Boyer, Mahel"]
[Black "Krastev, Alexander"]
[Result "1/2-1/2"]
[WhiteElo "2528"]
[BlackElo "2419"]
[PlyCount "84"]
[EventDate "2025.04.18"]
[EventType "tourn"]
[EventRounds "9"]
[EventCountry "SUI"]
[EventCategory "5"]
[SourceTitle "CB18_2025"]
[SourceDate "2025.04.30"]
[SourceVersion "1"]
[SourceVersionDate "2025.04.30"]
[SourceQuality "1"]

1. e4 c5 2. Nf3 Nc6 3. Bb5 Nf6 4. Nc3 Nd4 5. e5 Nxb5 6. Nxb5 Nd5 7. 0-0 a6 8. c4 Nc7 9. Nxc7+ Qxc7 10. d4 cxd4 11. Qxd4 d6 12. Bf4 Qc5 13. exd6 Qxd4 14. Nxd4 f6 15. c5 e5 16. Rfe1 Kf7 17. Bxe5 fxe5 18. Rxe5 Bd7 19. Rae1 Kf6 20. b4 g5 21. R1e3 Kg6 22. h4 gxh4 23. Nf3 Bh6 24. R3e4 Rae8 25. Re7 Kf6 26. Re1 Rxe7 27. Rxe7 Bc6 28. Ne5 Bd5 29. a4 Bg5 30. Nf3 Bc1 31. Ne5 Bg5 32. Ng4+ Kg6 33. Rc7 Bd8 34. Rc8 Be6 35. Rb8 Bxg4 36. Rxb7 Be6 37. Ra7 Kf5 38. c6 Ke5 39. c7 Kxd6 40. Rxa6+ Kxc7 41. Rxe6 Rf8 42. a5 Kd7 1/2-1/2

[Event "Bundesliga 2425"]
[Site "Germany"]
[Date "2025.02.23"]
[Round "10.15"]
[White "Sedlak, Nikola"]
[Black "Krastev, Alexander"]
[Result "1-0"]
[WhiteElo "2401"]
[BlackElo "2423"]
[PlyCount "67"]
[EventDate "2024.09.28"]
[EventType "team-tourn"]
[EventRounds "15"]
[EventCountry "GER"]
[SourceTitle "CB09_2025"]
[SourceDate "2025.02.27"]
[SourceVersion "1"]
[SourceVersionDate "2025.02.27"]
[SourceQuality "1"]
[WhiteTeam "Deggendorf"]
[BlackTeam "Solingen"]
[WhiteTeamCountry "GER"]
[BlackTeamCountry "GER"]

1. Nf3 d5 2. e3 Nf6 3. c4 e6 4. Nc3 c5 5. cxd5 exd5 6. Bb5+ Bd7 7. Bxd7+ Nbxd7 8. Qb3 c4 9. Qxb7 Rb8 10. Qc6 Rb6 11. Qa4 Qb8 12. b3 Bb4 13. bxc4 dxc4 14. 0-0 0-0 15. Qc2 Nc5 16. Ne2 Rc8 17. Qxc4 Nce4 18. Qd3 Bd6 19. Ned4 g5 20. Ba3 Bxa3 21. Qxa3 g4 22. Nh4 Nxd2 23. Rfe1 Qe5 24. Qxa7 Rb2 25. Nhf5 Rc7 26. Qa8+ Qe8 27. Nh6+ Kg7 28. Qa5 Qd8 29. Qg5+ Kf8 30. Nxg4 Nde4 31. Qh6+ Ke8 32. Qf4 Rc5 33. Nxf6+ Nxf6 34. Nc6 1-0

[Event "Bundesliga 2425"]
[Site "Germany"]
[Date "2025.02.22"]
[Round "9.5"]
[White "Krastev, Alexander"]
[Black "Lindgren, Philip"]
[Result "0-1"]
[WhiteElo "2423"]
[BlackElo "2379"]
[PlyCount "52"]
[EventDate "2024.09.28"]
[EventType "team-tourn"]
[EventRounds "15"]
[EventCountry "GER"]
[SourceTitle "CB09_2025"]
[SourceDate "2025.02.27"]
[SourceVersion "1"]
[SourceVersionDate "2025.02.27"]
[SourceQuality "1"]
[WhiteTeam "Solingen"]
[BlackTeam "Bayern Muenchen"]
[WhiteTeamCountry "GER"]
[BlackTeamCountry "GER"]

1. e4 c6 2. d4 d5 3. exd5 cxd5 4. Nf3 Nc6 5. c3 Qc7 6. Bd3 Bg4 7. 0-0 e6 8. Re1 Bd6 9. h3 Bh5 10. a4 Nge7 11. Na3 a6 12. Nc2 Rd8 13. Ne3 f6 14. Ng4 Bf7 15. c4 dxc4 16. Bxc4 Nxd4 17. Bh6 gxh6 18. Nxf6+ Kf8 19. Nxd4 Qxc4 20. Re4 Be5 21. Nxe6+ Qxe6 22. Qxd8+ Kg7 23. Rg4+ Bg6 24. Nh5+ Kf7 25. Qd2 Bxh5 26. Re4 Bh2+ 0-1

[Event "Bundesliga 2425"]
[Site "Germany"]
[Date "2025.02.01"]
[Round "7.4"]
[White "Krastev, Alexander"]
[Black "Banusz, Tamas"]
[Result "0-1"]
[WhiteElo "2423"]
[BlackElo "2605"]
[PlyCount "82"]
[EventDate "2024.09.28"]
[EventType "team-tourn"]
[EventRounds "15"]
[EventCountry "GER"]
[SourceTitle "CB06_2025"]
[SourceDate "2025.02.05"]
[SourceVersion "1"]
[SourceVersionDate "2025.02.05"]
[SourceQuality "1"]
[WhiteTeam "Solingen"]
[BlackTeam "Deizisau"]
[WhiteTeamCountry "GER"]
[BlackTeamCountry "GER"]

1. e4 c5 2. Nf3 Nc6 3. Bb5 e6 4. Bxc6 bxc6 5. d3 Qc7 6. 0-0 Ne7 7. h4 d6 8. h5 h6 9. e5 dxe5 10. Re1 g5 11. Nbd2 Bg7 12. Nc4 Ba6 13. Nfxe5 Rd8 14. Bd2 Rd5 15. Ba5 Qb8 16. Qe2 0-0 17. Rab1 Qc8 18. Bc3 Nf5 19. Ne3 Nd4 20. Bxd4 Rxd4 21. Nf3 Rd6 22. Nd2 Rdd8 23. Nb3 c4 24. Nxc4 c5 25. Ncd2 Qc7 26. Ne4 c4 27. Nbc5 cxd3 28. cxd3 Bb5 29. Rec1 Qe5 30. a4 Bc6 31. b4 Ba8 32. a5 Qd5 33. Qf1 g4 34. b5 f5 35. Nd2 g3 36. Nf3 e5 37. Rb4 Rde8 38. Nh4 e4 39. Ng6 f4 40. fxg3 fxg3 41. Qd1 exd3 0-1

[Event "Titled Tuesday intern op 14th Jan Early"]
[Site "Chess.com INT"]
[Date "2025.01.14"]
[Round "4"]
[White "Krastev, Alexander"]
[Black "Mekhitarian, Krikor Sevag"]
[Result "0-1"]
[WhiteElo "2431"]
[BlackElo "2562"]
[PlyCount "160"]
[EventDate "2025.01.14"]
[EventType "swiss (blitz)"]
[EventRounds "11"]
[EventCountry "USA"]
[SourceTitle "CB04_2025"]
[SourceDate "2025.01.22"]
[SourceVersion "1"]
[SourceVersionDate "2025.01.22"]
[SourceQuality "1"]

1. e4 c5 2. Nc3 Nc6 3. Bb5 Nf6 4. Bxc6 dxc6 5. d3 e5 6. f4 Bg4 7. Nf3 Bd6 8. fxe5 Bxe5 9. h3 Bg3+ 10. Kf1 Be6 11. Ne2 Bc7 12. Bf4 c4 13. Qd2 cxd3 14. cxd3 0-0 15. Rd1 c5 16. b3 a5 17. Bg5 h6 18. Bh4 g5 19. Nxg5 Nxe4 20. dxe4 Qxd2 21. Rxd2 hxg5 22. Bxg5 a4 23. bxa4 Be5 24. Bf4 Bg7 25. Kf2 Rxa4 26. Rb1 Rxe4 27. Rxb7 Re8 28. Bg3 Bh6 29. Rc2 Be3+ 30. Kf1 Bc4 31. Rb8 Rxb8 32. Bxb8 Bg5 33. Kf2 Bd3 34. Rb2 c4 35. Ba7 Bf6 36. Rb8+ Kh7 37. Ng3 Re6 38. Rc8 Be5 39. Nh5 Kg6 40. g4 f5 41. gxf5+ Kxf5 42. Ng3+ Kg6 43. Be3 Bxg3+ 44. Kxg3 Rxe3+ 45. Kf4 Rxh3 46. Rc6+ Kf7 47. a4 Rh5 48. Ra6 Ke7 49. Ra7+ Kd6 50. a5 Kc6 51. Ke3 Kb5 52. Kd4 Rh4+ 53. Kc3 Rh1 54. Kd4 Ra1 55. Rb7+ Kc6 56. Rb6+ Kc7 57. Ra6 Kb7 58. Rb6+ Ka7 59. Rb5 Ka6 60. Rb8 Rxa5 61. Kc3 Ra3+ 62. Kb2 Ra5 63. Kc3 Rb5 64. Ra8+ Kb6 65. Ra3 Kc5 66. Ra1 Rb3+ 67. Kd2 Kd4 68. Ra2 Rb1 69. Ra4 Rb2+ 70. Kc1 Rh2 71. Ra3 c3 72. Ra4+ Bc4 73. Ra8 Rh1+ 74. Kc2 Bd3+ 75. Kb3 Rb1+ 76. Ka2 c2 77. Rd8+ Kc3 78. Rc8+ Kd2 79. Rd8 Rb7 80. Rd7 Rxd7 0-1

[Event "Bundesliga 2425"]
[Site "Germany"]
[Date "2025.01.11"]
[Round "5.7"]
[White "Krastev, Alexander"]
[Black "Nielsen, Peter Heine"]
[Result "0-1"]
[WhiteElo "2423"]
[BlackElo "2618"]
[PlyCount "54"]
[EventDate "2024.09.28"]
[EventType "team-tourn"]
[EventRounds "15"]
[EventCountry "GER"]
[SourceTitle "CB06_2025"]
[SourceDate "2025.02.05"]
[SourceVersion "1"]
[SourceVersionDate "2025.02.05"]
[SourceQuality "1"]
[WhiteTeam "Solingen"]
[BlackTeam "St Pauli"]
[WhiteTeamCountry "GER"]
[BlackTeamCountry "GER"]

1. e4 c5 2. Nf3 g6 3. c3 d5 4. exd5 Qxd5 5. d4 Bg7 6. Nbd2 cxd4 7. Bc4 Qd8 8. Nxd4 Nf6 9. 0-0 0-0 10. N2f3 Qc7 11. Qe2 Nc6 12. Nxc6 bxc6 13. Re1 e6 14. Ne5 Nd5 15. h4 c5 16. h5 Bb7 17. h6 Bh8 18. Bb3 Rad8 19. c4 Ne7 20. Bf4 Rd4 21. Bh2 Qd8 22. Rad1 Nf5 23. Ng4 Qh4 24. Rxd4 Nxd4 25. Qd1 f5 26. Ne5 Qg5 27. f3 Bxe5 0-1

[Event "Bundesliga 2425"]
[Site "Germany"]
[Date "2024.12.01"]
[Round "4.6"]
[White "Costa, Leonardo"]
[Black "Krastev, Alexander"]
[Result "1/2-1/2"]
[WhiteElo "2472"]
[BlackElo "2423"]
[PlyCount "60"]
[EventDate "2024.09.28"]
[EventType "team-tourn"]
[EventRounds "15"]
[EventCountry "GER"]
[SourceTitle "CB49_2024"]
[SourceDate "2024.12.04"]
[SourceVersion "1"]
[SourceVersionDate "2024.12.04"]
[SourceQuality "1"]
[WhiteTeam "Hamburger SK"]
[BlackTeam "Solingen"]
[WhiteTeamCountry "GER"]
[BlackTeamCountry "GER"]

1. e4 c5 2. Nf3 e6 3. d4 cxd4 4. Nxd4 Nf6 5. Nc3 Nc6 6. Ndb5 Bb4 7. a3 Bxc3+ 8. Nxc3 d5 9. exd5 exd5 10. Bd3 0-0 11. 0-0 Bg4 12. f3 Bh5 13. Bg5 Qb6+ 14. Kh1 Ne4 15. Nxe4 dxe4 16. Bxe4 Qxb2 17. Qb1 Qb6 18. Qxb6 axb6 19. Rfb1 Bg6 20. Bxg6 hxg6 21. Rxb6 Nd4 22. c3 Nc2 23. Rc1 Rfe8 24. h4 Ne1 25. Rd1 Rxa3 26. Rbb1 Nc2 27. Rxb7 Rxc3 28. Rdd7 Rf8 29. Bf4 Rcc8 30. Bg5 Rc4 1/2-1/2

[Event "Heusenstamm Sparkassen op 11th"]
[Site "Heusenstamm"]
[Date "2024.11.24"]
[Round "6"]
[White "Hinrichs, Paul"]
[Black "Krastev, Alexander"]
[Result "0-1"]
[WhiteElo "2286"]
[BlackElo "2425"]
[PlyCount "144"]
[EventDate "2024.11.21"]
[EventType "swiss"]
[EventRounds "7"]
[EventCountry "GER"]
[SourceTitle "CB48_2024"]
[SourceDate "2024.11.28"]
[SourceVersion "1"]
[SourceVersionDate "2024.11.28"]
[SourceQuality "1"]

1. d4 Nf6 2. c4 c5 3. d5 e6 4. Nc3 exd5 5. cxd5 d6 6. e4 g6 7. f4 Bg7 8. Bb5+ Nfd7 9. a4 0-0 10. Nf3 Na6 11. 0-0 Nb4 12. Be3 a6 13. Bc4 Nb6 14. Be2 Bg4 15. a5 Nd7 16. e5 Bxf3 17. Rxf3 dxe5 18. f5 e4 19. Nxe4 Re8 20. f6 Rxe4 21. fxg7 Ne5 22. Bxc5 Qxd5 23. Qxd5 Nxd5 24. Rf2 Nf4 25. Bf3 Nxf3+ 26. Rxf3 Rc8 27. Re3 Rxe3 28. Bxe3 Ne6 29. b4 Kxg7 30. b5 axb5 31. Rb1 Rc3 32. Ba7 Rd3 33. Rxb5 Rd7 34. Be3 h5 35. Rb6 g5 36. a6 bxa6 37. Rxa6 g4 38. Kf2 Kg6 39. h3 gxh3 40. gxh3 Rd5 41. Ra8 Rd3 42. Rh8 Rd5 43. Ra8 Rd8 44. Ra6 Rd3 45. Ke2 Rb3 46. Kf2 Rb5 47. Kf3 Rf5+ 48. Kg3 Rf6 49. Ra5 Ng7 50. Rg5+ Kh7 51. Bd2 Rg6 52. Kh4 f6 53. Ra5 Rg2 54. Bh6 Kxh6 55. Rxh5+ Kg6 56. Rh6+ Kf5 57. Rxf6+ Ke5 58. Ra6 Nf5+ 59. Kh5 Ng7+ 60. Kh4 Nf5+ 61. Kh5 Ne7 62. Ra5+ Nd5 63. h4 Rg8 64. Kh6 Kf6 65. Kh7 Rd8 66. Ra6+ Kf7 67. Ra7+ Ne7 68. h5 Rd6 69. Rxe7+ Kxe7 70. Kg7 Rd1 71. h6 Rg1+ 72. Kh8 Kf6 0-1

[Event "Heusenstamm Sparkassen op 11th"]
[Site "Heusenstamm"]
[Date "2024.11.22"]
[Round "3"]
[White "Krastev, Alexander"]
[Black "Marcziter, Dmitrii"]
[Result "1/2-1/2"]
[WhiteElo "2425"]
[BlackElo "2187"]
[PlyCount "113"]
[EventDate "2024.11.21"]
[EventType "swiss"]
[EventRounds "7"]
[EventCountry "GER"]
[SourceTitle "CB48_2024"]
[SourceDate "2024.11.28"]
[SourceVersion "1"]
[SourceVersionDate "2024.11.28"]
[SourceQuality "1"]

1. e4 c5 2. Nf3 e6 3. d4 cxd4 4. Nxd4 a6 5. g3 Nf6 6. Bg2 d5 7. exd5 Nxd5 8. 0-0 Be7 9. Nf5 exf5 10. Qxd5 0-0 11. Nc3 Nc6 12. Qxd8 Rxd8 13. Nd5 Bc5 14. Bg5 f6 15. Bf4 Bd7 16. Nc7 Ra7 17. Rfd1 Nd4 18. Be3 b6 19. Bxd4 Rxc7 20. Bxc5 bxc5 21. Rd6 Rb8 22. b3 a5 23. a4 Kf8 24. Bd5 Ra7 25. Bc4 f4 26. gxf4 Bf5 27. Rc1 Be4 28. Re6 Bf3 29. Re3 Bc6 30. Rd1 Rd7 31. Rxd7 Bxd7 32. f3 Bf5 33. Re2 Rd8 34. Kf2 Rd1 35. Ke3 Ke7 36. Bb5 h5 37. Rg2 Kf8 38. Bc6 Be6 39. Be4 f5 40. Bd3 Kf7 41. Rf2 Rg1 42. Re2 Rf1 43. Rd2 Re1+ 44. Kf2 Ra1 45. Bb5 Ke7 46. Ke3 Re1+ 47. Kf2 Ra1 48. Kg3 g6 49. Kg2 Rc1 50. Kf2 Ra1 51. Kg3 Rc1 52. Rf2 Rd1 53. Rf1 Rd2 54. Bd3 Bxb3 55. Bxf5 Bxc2 56. Bxc2 Rxc2 57. Rb1 1/2-1/2

[Event "Rosenheim GM"]
[Site "Rosenheim"]
[Date "2024.08.17"]
[Round "8"]
[White "Kekelidze, Mikheil"]
[Black "Krastev, Alexander"]
[Result "1-0"]
[WhiteElo "2350"]
[BlackElo "2410"]
[PlyCount "91"]
[EventDate "2024.08.12"]
[EventType "tourn"]
[EventRounds "9"]
[EventCountry "GER"]
[EventCategory "8"]
[SourceTitle "CBM 221 Extra"]
[Source "ChessBase"]
[SourceDate "2024.09.30"]
[SourceVersion "1"]
[SourceVersionDate "2024.09.30"]
[SourceQuality "1"]

1. d4 Nf6 2. c4 e6 3. Nc3 Bb4 4. Bg5 Bxc3+ 5. bxc3 d6 6. f3 h6 7. Bh4 e5 8. e4 Qe7 9. Bd3 Nbd7 10. Ne2 Nf8 11. c5 dxc5 12. dxe5 Qxe5 13. f4 Qh5 14. Bf2 c4 15. Bc2 Bg4 16. Qd2 Rd8 17. Qe3 Bxe2 18. Qxe2 Qxe2+ 19. Kxe2 Ne6 20. g3 0-0 21. Rhd1 b6 22. Kf3 a6 23. a4 Rfe8 24. Be3 Kf8 25. h4 Kg8 26. a5 b5 27. g4 Rxd1 28. Rxd1 Rd8 29. f5 Rxd1 30. Bxd1 Nd8 31. Bf4 Ne8 32. e5 Nb7 33. Ke4 Nxa5 34. Kd5 Kf8 35. g5 hxg5 36. hxg5 Ke7 37. f6+ Kf8 38. Bc1 c6+ 39. Kc5 gxf6 40. gxf6 Kg8 41. Kb6 Nb3 42. Bxb3 cxb3 43. Kxc6 Kh7 44. Kd7 Ng7 45. fxg7 Kxg7 46. Kc6 1-0

[Event "Rosenheim GM"]
[Site "Rosenheim"]
[Date "2024.08.14"]
[Round "4"]
[White "Maksimenko, Andrei"]
[Black "Krastev, Alexander"]
[Result "0-1"]
[WhiteElo "2410"]
[BlackElo "2410"]
[PlyCount "88"]
[EventDate "2024.08.12"]
[EventType "tourn"]
[EventRounds "9"]
[EventCountry "GER"]
[EventCategory "8"]
[SourceTitle "CBM 221 Extra"]
[Source "ChessBase"]
[SourceDate "2024.09.30"]
[SourceVersion "1"]
[SourceVersionDate "2024.09.30"]
[SourceQuality "1"]

1. e4 c5 2. c3 d5 3. exd5 Qxd5 4. d4 Nf6 5. Nf3 e6 6. Be2 a6 7. 0-0 Be7 8. Ne5 0-0 9. Be3 cxd4 10. cxd4 Qd8 11. Nc3 Nbd7 12. Bf3 Nxe5 13. dxe5 Nd7 14. Bf4 Nc5 15. Ne4 Rb8 16. Nd6 a5 17. Qc2 b6 18. Rfd1 Bxd6 19. Rxd6 Qc7 20. Be3 Bb7 21. Bxb7 Qxb7 22. Qc4 Rfc8 23. Rad1 h6 24. Qg4 Qe4 25. Qxe4 Nxe4 26. Rxb6 Rxb6 27. Bxb6 Rc2 28. f3 Nd2 29. Bxa5 Nc4 30. Bc3 Ne3 31. Rd3 Rxg2+ 32. Kh1 Re2 33. a4 Nd5 34. Bd2 Rxe5 35. a5 Nc7 36. Rd8+ Kh7 37. Rd7 Nb5 38. a6 Re2 39. b4 e5 40. Rb7 Nd4 41. Bc3 Nxf3 42. Bxe5 Nxe5 43. Kg1 Ra2 44. b5 Nf3+ 0-1

[Event "GER CupT final"]
[Site "Baden Baden"]
[Date "2024.06.16"]
[Round "2.2"]
[White "Fedorchuk, Sergey A"]
[Black "Krastev, Alexander"]
[Result "1/2-1/2"]
[WhiteElo "2546"]
[BlackElo "2429"]
[PlyCount "103"]
[EventDate "2024.06.15"]
[EventType "team-k.o."]
[EventRounds "2"]
[EventCountry "GER"]
[SourceTitle "CBM 220 Extra"]
[Source "ChessBase"]
[SourceDate "2024.07.31"]
[SourceVersion "1"]
[SourceVersionDate "2024.07.31"]
[SourceQuality "1"]
[WhiteTeam "Viernheim"]
[BlackTeam "Solingen"]
[WhiteTeamCountry "GER"]
[BlackTeamCountry "GER"]

1. e4 c5 2. Nf3 e6 3. d4 cxd4 4. Nxd4 Nf6 5. Nc3 Nc6 6. Nxc6 bxc6 7. e5 Nd5 8. Ne4 Bb7 9. Be2 c5 10. 0-0 Qc7 11. Nd6+ Bxd6 12. exd6 Qc6 13. f3 Qb6 14. Rf2 0-0 15. a3 c4 16. Bxc4 Rfc8 17. Ba2 Ba6 18. Bxd5 Qxd6 19. Be3 Qxd5 20. Qxd5 exd5 21. Rd2 Bb7 22. Kf2 Bc6 23. Bd4 a6 24. g4 f6 25. a4 Kf7 26. b3 Re8 27. Rg1 Re6 28. Re2 Rae8 29. Re3 g5 30. h4 h6 31. Rh1 Kg6 32. h5+ Kf7 33. Rd1 Rxe3 34. Bxe3 f5 35. gxf5 Kf6 36. Rd4 Rb8 37. Rd3 Kxf5 38. Rc3 Rb4 39. Rc5 Ke6 40. Kg3 d4 41. Bd2 Rb8 42. f4 gxf4+ 43. Bxf4 d3 44. Kh2 Rb4 45. Bxh6 dxc2 46. Bd2 Rd4 47. Rxc2 Rh4+ 48. Kg3 Rxh5 49. Bf4 Kd5 50. Rc4 Rh1 51. Rc1 Rxc1 52. Bxc1 1/2-1/2